| 000 | 00576nam a22001937a 4500 | ||
|---|---|---|---|
| 005 | 20251108165351.0 | ||
| 008 | 250721s1983 xx 000 0 ara d | ||
| 082 | 1 | 4 | _aم/922.1/واد |
| 100 | 1 | _aالعمراني، عبد الله | |
| 245 | 1 | 0 | _aتبث أبي جعفر أحمد بن ... الوادي اشي / |
| 264 | 1 |
_aبيروت : _bدار الغرب الإسلامي، _c1983. |
|
| 300 | _a548ص | ||
| 650 | 1 | 7 | _aالإسلام |
| 650 | 1 | 7 | _aالتراجم |
| 650 | 1 | 7 | _aالمحدثون |
| 650 | 1 | 7 | _aرجال الحديث |
| 942 |
_2ddc _cREF |
||
| 999 |
_c26200 _d26200 |
||